Online
Catalog

La guerra federal : (Record no. 5446)

MARC details
000 -CABECERA
campo de control de longitud fija 00727cam a2200193 a 4500
001 - NÚMERO DE CONTROL
campo de control 000005647
005 - FECHA Y HORA DE LA ÚLTIMA TRANSACCIÓN
campo de control 20200929151730.0
008 - DATOS DE LONGITUD FIJA--INFORMACIÓN GENERAL
campo de control de longitud fija 760402s1974 ve a b 001 0 spa
040 ## - FUENTE DE LA CATALOGACIÓN
Centro catalogador/agencia de origen DO-SdBNP
Centro/agencia transcriptor FU
Centro/agencia modificador DLC
082 ## - NÚMERO DE LA CLASIFICACIÓN DECIMAL DEWEY
Número de clasificación 987.061
Número de documento/Ítem P438g
100 1# - ENTRADA PRINCIPAL--NOMBRE DE PERSONA
Nombre de persona Pérez Arcay, Jacinto Rafael
Forma completa/desarrollada del nombre (General de brigada).
9 (RLIN) 15976
245 13 - MENCIÓN DE TÍTULO
Título La guerra federal :
Resto del título consecuencias /
Mención de responsabilidad, etc. Jacinto Pérez Arcay.
260 ## - PUBLICACIÓN, DISTRIBUCIÓN, ETC.
Lugar de publicación, distribución, etc. Caracas, Venezuela :
Nombre del editor, distribuidor, etc. Gráficas Reus,
Fecha de publicación, distribución, etc. 1974.
300 ## - DESCRIPCIÓN FÍSICA
Extensión 337 :
Otras características físicas il. ;
Dimensiones 23 cm.
502 ## - NOTA DE TESIS
Nota de tesis "Tesis de curso de Estado Mayor (Escuela Superior del Ejército de Venezuela)."
504 ## - NOTA DE BIBLIOGRAFÍA, ETC.
Nota de bibliografía, etc. Bibliografías: p. 281-283.
651 #4 - PUNTO DE ACCESO ADICIONAL DE MATERIA--NOMBRE GEOGRÁFICO
Nombre geográfico Venezuela
Subdivisión general Historia
-- Guerra Federal,
Subdivisión cronológica 1859-1863
9 (RLIN) 15977
910 ## - DATOS DE OPCIÓN DEL USUARIO (OCLC)
Datos de opción del usuario Catalogación por copia / LC
Holdings
Estado de retiro Estado de pérdida Restricciones de uso No para préstamo Código de colección Localización permanente Ubicación/localización actual Ubicación en estantería Fecha de adquisición Número de inventario Total de préstamos Signatura topográfica completa Código de barras Fecha visto por última vez Precio válido a partir de Tipo de ítem Koha
    Préstamo interno   Monografías: Libros y Folletos General General En catalogación 20.08.2009 LF1   987.061 P438g 5647-10 25.06.2020 25.06.2020 Préstamo interno

Powered by Koha